| 000 | 01336nac a22003011u 4500 | ||
|---|---|---|---|
| 010 | _a 2002026561 | ||
| 020 | _a0072456728 (alk. paper) | ||
| 020 | _a0071122923 (international : alk. paper) | ||
| 020 | _a007058673* : | ||
| 082 | 0 | 0 |
_a658.4038 _bAPP |
| 090 |
_c5137 _d5137 |
||
| 100 | _aApplegate, Lynda M. | ||
| 245 | 1 | 0 |
_aCorporate information strategy and management : _btext and cases / _cLynda M. Applegate, Robert D. Austin, F. Warren McFarlan. |
| 250 | _a6th ed. | ||
| 260 |
_aBoston : _bMcGraw-Hill Irwin,c2003. _cc2003. |
||
| 300 |
_ax, 726 p. : _bill. _c24 cm. |
||
| 500 | _aRev. ed. of: Corporate information systems management : text and cases . 5th ed. c1999. | ||
| 504 | _aIncludes bibliographical references (p. 715-719) and index. | ||
| 650 | 0 |
_aInformation technology _xManagement. |
|
| 650 | 0 | _aManagement information systems. | |
| 650 | 0 | _aInformation resources management. | |
| 650 | 0 |
_aInformation technology _xManagement _xCase studies. |
|
| 700 | 1 |
_aAustin, Robert D. _q(Robert Daniel), _d1962- |
|
| 700 | 1 |
_aMcFarlan, F. Warren _q(Franklin Warren) |
|
| 856 | 4 | 2 |
_3Publisher description _uhttp://www.loc.gov/catdir/description/mh024/2002026561.html |
| 856 | 4 | 2 |
_3Table of contents _uhttp://www.loc.gov/catdir/toc/mh023/2002026561.html |
| 942 |
_cBB _k658.4038APP |
||
| 999 |
_c5137 _d5137 |
||